La facilitación comercial y sus efectos en el comercio bilateral chileno de 2006 a 2014 (Registro nro. 34759)
[ vista simple ]
| 000 -LEADER | |
|---|---|
| fixed length control field | 00458 a2200133 4500 |
| 001 - CONTROL NUMBER | |
| control field | ART_46680 |
| 005 - DATE AND TIME OF LATEST TRANSACTION | |
| control field | 20260410162039.0 |
| 008 - FIXED-LENGTH DATA ELEMENTS--GENERAL INFORMATION | |
| fixed length control field | 260409a |
| 100 1# - MAIN ENTRY--PERSONAL NAME | |
| Personal name | Fuenzalida-O´Shee, Darcy |
| 245 10 - TITLE STATEMENT | |
| Title | La facilitación comercial y sus efectos en el comercio bilateral chileno de 2006 a 2014 |
| 700 1# - ADDED ENTRY--PERSONAL NAME | |
| Personal name | Valenzuela-Klagges, Bárbara |
| 700 1# - ADDED ENTRY--PERSONAL NAME | |
| Personal name | Corvalán-Quiroz, Alejandro |
| 773 0# - HOST ITEM ENTRY | |
| Title | Revista Cepal |
| Related parts | - Nº 124 (abr. 2018) |
| Record control number | REV45125 |
No hay ítems disponibles.